Top 10 most important and famous people from Florida - Statistics

General Stats
  • This quiz has been taken 56 times
  • The average score is 4 of 10
Answer Stats
Hint Answer % Correct
Vocalist of the rock band The Doors Jim Morrison
74%
The first black actor to win the Academy Award for Best Actor in 1964 for In the Heat of the Night Sidney Poitier
70%
Singer, Timber, Rain Over Me Pitbull
44%
Female singer, One Last Time, Problem Ariana Grande
37%
Singer, American Girl, Refugee Tom Petty
30%
The only player in NBA history to play 22 seasons in four different decades, from his debut in 1999 to his retirement in 2020, 8 times NBA All Star Vince Carter
30%
Rapper died in 2018, Look at Me, HOPE! XXXTentacion
30%
Actress famous for her roles in The Witch and Split Anya Taylor-Joy
19%
American football player of 1990s, two times winner of NFL with San Francisco 49ers and Dallas Cowboys Deion Sanders
19%
One of the best wrestlers in the world, the leader of The Bloodline stable and is the current and longest-reigning WWE Universal Champion Roman Reigns
15%
No matching quizzes found
Score Distribution
Percent of People with Each Score
Percentile by Number Answered
Your Score History
You have not taken this quiz